[Event "aston294"]
[Site "SchemingMind.com"]
[Date "2010.04.04"]
[Round "-"]
[White "XTC"]
[Black "Teagy"]
[Result "1-0"]
[WhiteCountry "COL"]
[BlackCountry "ENG"]
[WhiteElo "1896"]
[WhiteRD "58"]
[BlackElo "1839"]
[BlackRD "80"]
[GameID "243663"]

1. e4 Nf6 2. e5 Nd5 3. d4 d6 4. c4 Nb6 5. f4 Nc6 6. d5 Nb8 7. Be3 dxe5 8. fxe5 Bf5 9. Nc3 e6 10. Bxb6 axb6
11. Nf3 Be7 12. Bd3 Bxd3 13. Qxd3 Na6 14. O-O O-O 15. a3 Nc5 16. Qc2 f6 17. Rad1 Qe8 18. Nb5 Rc8 19. d6 cxd6 20. exd6 Bd8
21. d7
1-0

[Event "aston294"]
[Site "SchemingMind.com"]
[Date "2010.04.22"]
[Round "-"]
[White "simon_w"]
[Black "spoke"]
[Result "1-0"]
[WhiteCountry "IRL"]
[BlackCountry "GER"]
[WhiteElo "1916"]
[WhiteRD "75"]
[BlackElo "1718"]
[BlackRD "73"]
[GameID "245893"]

1. e4 e5 2. Nf3 Nc6 3. Bc4 Nf6 4. Ng5 d5 5. exd5 Na5 6. Bb5+ c6 7. dxc6 bxc6 8. Be2 h6 9. Nf3 e4 10. Ne5 Bd6
11. d4 exd3 12. Nxd3 Qc7 13. b3 O-O 14. Bb2 Ne4 15. Nd2 Bf5 16. Nxe4 Bxe4 17. Qd2 Rad8 18. Qc3 f6 19. O-O-O Bxd3 20. Bxd3 Be5
21. Qc5 Bxb2+ 22. Kxb2 Rd5 23. Qe3 Qe5+ 24. Qxe5 Rxe5 25. f4 Re3 26. b4 Nb7 27. Bc4+ Kh7 28. Rd7 Nd8 29. Rxa7
1-0

[Event "aston294"]
[Site "SchemingMind.com"]
[Date "2010.04.21"]
[Round "-"]
[White "spoke"]
[Black "simon_w"]
[Result "0-1"]
[WhiteCountry "GER"]
[BlackCountry "IRL"]
[WhiteElo "1724"]
[WhiteRD "74"]
[BlackElo "1941"]
[BlackRD "76"]
[GameID "245896"]

1. e4 c5 2. Nf3 d6 3. d4 cxd4 4. Nxd4 Nf6 5. Nc3 a6 6. f4 e5 7. Nf3 Nbd7 8. a4 Be7 9. Bd3 O-O 10. O-O Nc5
11. Kh1 Nxd3 12. Qxd3 Qc7 13. Nd5 Nxd5 14. exd5 f5 15. fxe5 dxe5 16. Qb3 Kh8 17. Ng5 h6 18. Ne6 Bxe6 19. dxe6 f4 20. Bd2 Qc6
21. Rf3 Bg5 22. Bb4 Rfe8 23. Rc3 Qe4 24. Rc4 Qf5 25. Rc7 Qxe6 26. Qxe6 Rxe6 27. Rd1 Rc6 28. Rxc6 bxc6 29. Rd6 Re8 30. Rxc6 e4
31. Kg1 e3 32. Kf1 Be7 33. Bxe7 Rxe7 34. Ke2 Kh7 35. Rc3 g5 36. Rd3 Re6 37. g3 f3+
0-1

[Event "aston294"]
[Site "SchemingMind.com"]
[Date "2010.05.29"]
[Round "-"]
[White "Eden"]
[Black "jtrochez1"]
[Result "1/2-1/2"]
[WhiteCountry "CZE"]
[BlackCountry "HON"]
[WhiteElo "1530"]
[WhiteRD "73"]
[BlackElo "1559"]
[BlackRD "51"]
[GameID "249955"]

1. e4 e5 2. Qf3 Qf6 3. h4 d6 4. Bc4 Qxf3 5. Nxf3 h6 6. c3 Nf6 7. d3 Nc6 8. b4 Be7 9. Nbd2 Bg4 10. Nb3 Be6
11. Bxe6 fxe6 12. b5 Nd8 13. a4 b6 14. Rg1 Ng4 15. g3 Nf7 16. d4 g5 17. Rh1 O-O-O 18. hxg5 Nxg5 19. Bxg5 Bxg5 20. a5 Kb7
21. a6+ Kc8 22. Ke2 Rdf8 23. c4 Be7 24. Raf1 Bg5 25. Nh4 Bxh4 26. Rxh4 h5 27. f3 Nf6 28. f4 Ng4 29. fxe5 Rxf1 30. Kxf1 Ne3+
31. Ke2 Nxc4 32. exd6 Nxd6 33. d5 exd5 34. exd5 Nxb5 35. Kd3 Kd7 36. g4 Nd6 37. Nd4 Nc8 38. gxh5 Kd6 39. Kc4 Rh7 40. h6 Kd7
41. Nf5 Nd6+ 42. Nxd6 Kxd6 43. Rh5 c5 44. dxc6 Kxc6 45. Kb4 Kd6 46. Kb5 Kc7 47. Rh4 Kd6 48. Rh5 Ke6 49. Kc6 Kf6 50. Rh4 Kg6
51. Rh3 Kf6 52. Rh2 Kg5 53. Rh1 Kg6 54. Rh2 Re7 55. Kd6 Rh7 56. Rh3 Rf7 57. Kc6 Kh7 58. Rh4 Re7 59. Rh3 Rf7=
1/2-1/2

[Event "aston294"]
[Site "SchemingMind.com"]
[Date "2010.05.27"]
[Round "-"]
[White "jtrochez1"]
[Black "Eden"]
[Result "0-1"]
[WhiteCountry "HON"]
[BlackCountry "CZE"]
[WhiteElo "1578"]
[WhiteRD "52"]
[BlackElo "1548"]
[BlackRD "78"]
[GameID "249964"]

1. e4 e5 2. Nf3 d6 3. h3 g5 4. d4 h5 5. Nxg5 Qf6 6. d5 Bh6 7. Nf3 a6 8. c4 Ne7 9. Nc3 c6 10. Bxh6 Rxh6
11. Qd2 b5 12. b3 Rh7 13. dxc6 Nbxc6 14. Be2 Ng6 15. Nd5 Qd8 16. Ng5 Rh8 17. O-O-O Nd4 18. Bd3 Be6 19. Nxe6 Nxe6 20. cxb5 Nef4
21. Nxf4 Nxf4 22. Bf1 axb5 23. Bxb5+ Ke7 24. Ba4 Qb6 25. f3 Rhc8+ 26. Kb2 Rxa4 27. Rc1 Rca8 28. Ra1 Qb5 29. Rhd1 Rd4 30. Qf2 Nd3+
31. Rxd3 Qxd3 32. Qc2 Qd2 33. Qxd2 Rxd2+ 34. Kc3 Rxg2 35. a4 Rg3 36. Rf1 Rxh3 37. Kc4 Rf8 38. b4 Kd7 39. b5 f5 40. exf5 Rxf5
41. a5 Kc7 42. Rc1 Kb7 43. Kb4 Rhxf3 44. Rc4 R3f4 45. Rxf4 Rxf4+
0-1

[Event "aston294"]
[Site "SchemingMind.com"]
[Date "2010.05.28"]
[Round "-"]
[White "diari"]
[Black "XTC"]
[Result "1-0"]
[WhiteCountry "HUN"]
[BlackCountry "COL"]
[WhiteElo "1631"]
[WhiteRD "120"]
[BlackElo "1863"]
[BlackRD "62"]
[GameID "250205"]

1. d4 Nf6 2. c4 e6 3. Nc3 Bb4 4. e3 O-O 5. Ne2 Nc6 6. a3 Be7 7. Qc2 d6 8. Ng3 b6 9. Bd3 d5 10. cxd5 exd5
11. O-O Bb7 12. Bd2 Re8 13. Nce2 Bd6 14. Nf5 Ne4 15. Rac1 a6 16. Nxd6 Qxd6 17. Ng3 Nxd2 18. Qxd2 g6 19. Qc3 Rec8 20. b4 b5
21. Rc2 Nd8 22. Ra1 Ne6 23. a4 c6 24. a5 Re8 25. Nf1 Rac8 26. Nd2 Qe7 27. Rd1 f5 28. Nf3 f4 29. Re2 fxe3 30. Rxe3 Qd6
31. Rde1 Re7 32. Ne5 Nf4 33. Qd2 Rce8 34. Bc2 Qf6 35. Rf3 g5 36. h4
1-0

[Event "aston294"]
[Site "SchemingMind.com"]
[Date "2010.05.28"]
[Round "-"]
[White "XTC"]
[Black "diari"]
[Result "1/2-1/2"]
[WhiteCountry "COL"]
[BlackCountry "HUN"]
[WhiteElo "1865"]
[WhiteRD "61"]
[BlackElo "1660"]
[BlackRD "118"]
[GameID "250208"]

1. e4 c6 2. d4 d5 3. Nc3 dxe4 4. Nxe4 Bf5 5. Ng3 Bg6 6. Nf3 Nd7 7. h4 h5 8. Bd3 Bxd3 9. Qxd3 Qc7 10. O-O e6
11. c4 Ngf6 12. Bd2 Bd6 13. Ng5 Bxg3 14. fxg3 O-O 15. Bf4 Qb6 16. b3 Rfe8 17. Bd6 Rad8 18. c5 Qb4 19. a3 Qa5 20. b4 Qb5
21. Qc2 Nf8 22. Be5 Rd7 23. Bxf6 gxf6 24. Ne4 Nh7 25. Nd6 Rxd6 26. cxd6 Rd8 27. Qc5 b6 28. Qxb5 cxb5 29. d5 Rxd6 30. Rad1 Kg7
31. dxe6 Rxe6 32. Rd7 a5 33. Rd5 Re5 34. Rf5 Re3 35. Rxb5 Rxa3 36. bxa5 bxa5 37. Rxa5 Rxg3 38. Kh2 Rc3 39. Rxh5 Nf8 40. Rhc5 Re3
41. Rc4 Ng6 42. Rg4 Kh6 43. Rf5 Re6 44. h5 Ne7 45. Rb5 f5 46. Rh4 Re3 47. Rh3 Rxh3+ 48. Kxh3 Kxh5 49. Re5 Ng8 50. Rxf5+ Kg6
51. g4 Nh6 52. Rf4 Kg5 53. Kg3 f5 54. gxf5=
1/2-1/2

[Event "aston294"]
[Site "SchemingMind.com"]
[Date "2010.08.10"]
[Round "-"]
[White "simon_w"]
[Black "Gammon"]
[Result "1-0"]
[WhiteCountry "IRL"]
[BlackCountry "USA"]
[WhiteElo "1941"]
[WhiteRD "76"]
[BlackElo "1359"]
[BlackRD "57"]
[GameID "257120"]

1. e4 e6 2. d4 d5 3. Nc3 Nf6 4. e5 Nfd7 5. f4 c5 6. Nf3 h6 7. Be3 Nc6 8. Be2 c4 9. a3 b5 10. O-O Be7
11. h3 O-O 12. Nh2 Bh4 13. Bg4 Ne7 14. Nxb5 Ba6 15. Nc3 Qb6 16. Rb1 Nf5 17. Bxf5 exf5 18. Nxd5 Qd8 19. Nc3 Rb8 20. Qh5 Rb6
21. Qxf5 Bc8 22. Qe4 Bb7 23. d5 Nc5 24. Bxc5
1-0

[Event "aston294"]
[Site "SchemingMind.com"]
[Date "2010.08.10"]
[Round "-"]
[White "Gammon"]
[Black "simon_w"]
[Result "0-1"]
[WhiteCountry "USA"]
[BlackCountry "IRL"]
[WhiteElo "1366"]
[WhiteRD "57"]
[BlackElo "1959"]
[BlackRD "76"]
[GameID "257125"]

1. d4 Nf6 2. c4 e6 3. Nf3 c5 4. d5 b5 5. Bg5 exd5 6. cxd5 d6 7. e4 a6 8. a4 Be7 9. Bxf6 Bxf6 10. Qc2 b4
11. Nbd2 O-O 12. Be2 Bg4 13. O-O Nd7 14. Nc4 Bxf3 15. Bxf3 Ne5 16. Nxe5 Bxe5 17. Rab1 Qh4 18. g3 Qf6 19. Qe2 b3 20. Bg2 a5
21. Rfd1 Rfc8 22. Rd3 c4 23. Rf3 Qd8 24. Bh3 Rc5 25. Bf1 Rac8 26. Qd1 Qb6 27. Re3 Qb4 28. Kg2 Qxa4 29. f4 Bf6 30. e5 dxe5
31. fxe5 Bg5 32. Re4 Qd7 33. Qg4 Qxg4 34. Rxg4 Bd8 35. Rd4 a4 36. Rc1 c3 37. Rxc3 Rxc3 38. bxc3 b2 39. Bd3 Rxc3 40. Bb1 a3
41. Ra4 Kf8 42. d6 Ke8 43. Ra7 Re3 44. Kf2 Rxe5 45. d7+ Ke7 46. h4 Bb6+
0-1

[Event "aston294"]
[Site "SchemingMind.com"]
[Date "2010.09.08"]
[Round "-"]
[White "diari"]
[Black "simon_w"]
[Result "0-1"]
[WhiteCountry "HUN"]
[BlackCountry "IRL"]
[WhiteElo "1644"]
[WhiteRD "103"]
[BlackElo "1965"]
[BlackRD "76"]
[GameID "259616"]

1. d4 Nf6 2. c4 g6 3. Nc3 Bg7 4. e4 d6 5. Nf3 O-O 6. Bg5 c5 7. d5 Qa5 8. Bd3 Bg4 9. O-O Nbd7 10. Be2 Bxf3
11. Bxf3 Ne5 12. Be2 Rae8 13. Bxf6 Bxf6 14. Nb1 Qb4 15. b3 Nf3+ 16. Bxf3 Bxa1 17. Nd2 Bc3 18. Nb1 Bg7 19. Bg4 a6 20. Bh3 b5
21. a3 Qa5 22. Qd3 bxc4 23. Qxc4 Rb8 24. Bg4 Rb6 25. Rc1 Rfb8 26. Bd1 Qe1+ 27. Qf1 Qxe4 28. Bf3 Qf5 29. Nd2 Bb2 30. Rb1 Qc2
31. Nc4 Rxb3 32. Bd1 Qxb1 33. Bxb3 Qxf1+ 34. Kxf1 Rxb3
0-1

[Event "aston294"]
[Site "SchemingMind.com"]
[Date "2010.09.08"]
[Round "-"]
[White "simon_w"]
[Black "diari"]
[Result "1-0"]
[WhiteCountry "IRL"]
[BlackCountry "HUN"]
[WhiteElo "1965"]
[WhiteRD "76"]
[BlackElo "1644"]
[BlackRD "103"]
[GameID "259621"]

1. e4 c5 2. Nf3 d6 3. d4 cxd4 4. Nxd4 Nf6 5. Nc3 g6 6. Be3 Bg7 7. f3 O-O 8. Qd2 Nc6 9. O-O-O a6 10. g4 Nxd4
11. Bxd4 b5 12. h4 b4 13. Na4 Qa5 14. b3 Nd7 15. Bxg7 Kxg7 16. h5 g5 17. h6+ Kh8 18. Rh5 Rg8 19. Bc4 Ne5 20. Rxg5 Rxg5
21. Bd5 Nxf3 22. Qf4 Ra7 23. Qxf3 e6 24. Qf6+ Kg8 25. Qxg5+
1-0

[Event "aston294"]
[Site "SchemingMind.com"]
[Date "2010.11.04"]
[Round "-"]
[White "simon_w"]
[Black "Eden"]
[Result "1-0"]
[WhiteCountry "IRL"]
[BlackCountry "CZE"]
[WhiteElo "1925"]
[WhiteRD "80"]
[BlackElo "1638"]
[BlackRD "75"]
[GameID "265302"]

1. e4 e5 2. Nf3 Nc6 3. Bc4 h6 4. d4 Qf6 5. Be3 d6 6. c3 a6 7. O-O b5 8. Bb3 Bb7 9. Nbd2 O-O-O 10. d5 Nce7
11. c4 c6 12. cxb5 axb5 13. dxc6 Nxc6 14. Bd5 Nge7 15. Rc1 Kd7 16. a4 bxa4 17. Qxa4 g5 18. Qb5 Rb8 19. Nc4 Kc7 20. Na5 Ba8
21. Qa4 Rb4 22. Qxb4 Kd7 23. Qb5 Bg7 24. Nxc6 Bxc6 25. Bxc6+ Nxc6 26. Qxc6+ Ke6 27. Ra1 Rd8 28. Ra7 g4 29. Qd5#
1-0